Popol vuh / (Registro nro. 45716)
[ vista simple ]
| 000 -CABECERA | |
|---|---|
| campo de control de longitud fija | 00847nam a2200217 a 4500 |
| 001 - NÚMERO DE CONTROL | |
| campo de control | 000046227 |
| 005 - FECHA Y HORA DE LA ÚLTIMA TRANSACCIÓN | |
| campo de control | 20201002052724.0 |
| 008 - DATOS DE LONGITUD FIJA--INFORMACIÓN GENERAL | |
| campo de control de longitud fija | 150708s1973 gu 000 0 spa d |
| 040 ## - FUENTE DE LA CATALOGACIÓN | |
| Centro catalogador/agencia de origen | DO-SdBNP |
| Lengua de catalogación | spa |
| Centro/agencia transcriptor | BNPHU |
| 082 ## - NÚMERO DE LA CLASIFICACIÓN DECIMAL DEWEY | |
| Número de clasificación | 913.7281 |
| Número de documento/Ítem | ES82p |
| 100 1# - ENTRADA PRINCIPAL--NOMBRE DE PERSONA | |
| Nombre de persona | Estrada Monroy, Agustín. |
| 9 (RLIN) | 64088 |
| 240 10 - TÍTULO UNIFORME | |
| Título uniforme | Popol Vuh |
| 245 10 - MENCIÓN DE TÍTULO | |
| Título | Popol vuh / |
| Mención de responsabilidad, etc. | Agustín Estrada Monroy ; versión actualizada, basada en los textos quiché, castellano y anotaciones al manuscrito de Fray Francisco Ximénes. |
| 260 ## - PUBLICACIÓN, DISTRIBUCIÓN, ETC. | |
| Lugar de publicación, distribución, etc. | Guatemala : |
| Nombre del editor, distribuidor, etc. | Editorial José de Pineda Ibarra, |
| Fecha de publicación, distribución, etc. | 1973. |
| 300 ## - DESCRIPCIÓN FÍSICA | |
| Extensión | 199 p. ; |
| Dimensiones | 18 cm. |
| 490 1# - MENCIÓN DE SERIE | |
| Mención de serie | Colección Jorge Ortega Torres. |
| 650 #4 - PUNTO DE ACCESO ADICIONAL DE MATERIA--TÉRMINO DE MATERIA | |
| Término de materia o nombre geográfico como elemento de entrada | Leyendas indígenas |
| Subdivisión geográfica | Guatemala |
| 9 (RLIN) | 74261 |
| 650 #4 - PUNTO DE ACCESO ADICIONAL DE MATERIA--TÉRMINO DE MATERIA | |
| Término de materia o nombre geográfico como elemento de entrada | Quiches |
| Subdivisión general | Religión y mitología |
| 9 (RLIN) | 48029 |
| 650 #4 - PUNTO DE ACCESO ADICIONAL DE MATERIA--TÉRMINO DE MATERIA | |
| Término de materia o nombre geográfico como elemento de entrada | Mitología indígena |
| Subdivisión geográfica | Guatemala |
| 9 (RLIN) | 74262 |
| 830 #0 - PUNTO DE ACCESO ADICIONAL DE SERIE-TÍTULO UNIFORME | |
| Título uniforme | Colección Jorge Ortega Torres. |
| 9 (RLIN) | 74263 |
| Estado de retiro | Estado de pérdida | Restricciones de uso | No para préstamo | Código de colección | Localización permanente | Ubicación/localización actual | Ubicación en estantería | Fecha de adquisición | Número de inventario | Total de préstamos | Signatura topográfica completa | Código de barras | Fecha visto por última vez | Precio válido a partir de | Tipo de ítem Koha | Nota pública |
|---|---|---|---|---|---|---|---|---|---|---|---|---|---|---|---|---|
| Excluido de préstamo | Monografías: Libros y Folletos | General | General | Depósito | 08.07.2015 | LF1 | 913.7281 ES82p | 46227-10 | 25.06.2020 | 25.06.2020 | No se presta | Perteneció a la biblioteca personal de Chiqui Vicioso / Fidelio Despradel. |
